Statistics for Madden NFL 22 Top 20 CBs

Click here to take the quiz!

General Stats

  • This quiz has been taken 141 times
    (135 since last reset)
  • The average score is 12 of 20

Answer Stats

ClubOverallPlayer% Correct
Los Angeles Rams99Jalen Ramsey
100%
Green Bay Packers95Jaire Alexander
98%
Carolina Panthers97Stephon Gilmore
92%
Buffalo Bills93Tre'Davious White
88%
Baltimore Ravens91Marlon Humphrey
87%
Miami Dolphins89Xavien Howard
87%
Philadelphia Eagles90Darius Slay Jr.
86%
Cleveland Browns89Denzel Ward
77%
New Orleans Saints88Marshon Lattimore
77%
New England Patriots87JC Jackson
72%
New York Giants88James Bradberry IV
61%
Baltimore Ravens88Marcus Peters
61%
Miami Dolphins87Byron Jones
50%
Washington Football Team88Kendall Fuller
49%
Los Angeles Chargers86Chris Harris Jr.
38%
Las Vegas Raiders90Casey Hayward Jr.
37%
Jacksonville Jaguars85Shaquill Griffin
28%
Los Angeles Rams84Darious Williams
23%
Denver Broncos86Bryce Callahan
16%
New Orleans Saints84Bradley Roby
9%

Score Distribution

Percentile by Number Answered

Percent of People with Each Score

Your Score History

You have not taken this quiz since the last reset